Ładuje się......
Krishnapaksham
| 1. autor: | |
|---|---|
| Format: | Printed Book |
| Wydane: |
Nooranad, Unma Publications
2003
|
| Hasła przedmiotowe: |
| LEADER | 005130000a22001690004500 | ||
|---|---|---|---|
| 040 | |a MAL | ||
| 082 | |a A1 RAJ95/K P3 | ||
| 100 | |a Rajappan, Mankompu; Author | ||
| 245 | |a Krishnapaksham | ||
| 260 | |a Nooranad, Unma Publications | ||
| 260 | |c 2003 | ||
| 460 | |a 48p | ||
| 465 | |a Rs.30.00 | ||
| 500 | |a Mankompu Rajappan | ||
| 650 | |a Malayalam poetry | ||
| 999 | |c 36592 |d 36592 | ||
| 952 | |0 0 |1 0 |4 0 |6 A_000000000000000_1_RAJ95K_P3 |7 0 |8 MAL |9 37047 |a MGUL |b MGUL |d 2013-07-16 |e Rs.30.00 |l 0 |o A1 RAJ95/K P3 |p 36338 |r 2013-07-16 |w 2013-07-16 |y BK | ||